000 00359 a2200169 4500
001 186517
020 _a85-08-07576-6
040 _cMagnum
100 _aAzevedo, Ricardo
240 1 0 _aArmazém do folclore
_lpor
245 1 0 _aArmazém do folclore
300 _a127
362 0 _a2000
440 1 _aÁtica
697 _aLITERATURA INFANTO
942 _cBK
999 _c186517
_d186517